[Event "SVK-chT2B 1112"]
[Site "Slovakia"]
[Date "2011.10.09"]
[Round "2.1"]
[White "Marko, Anton"]
[Black "Babindeli, Zoltan"]
[Result "1/2-1/2"]
[WhiteElo "2127"]
[BlackElo "1968"]
[PlyCount "105"]
[EventDate "2011.10.08"]
[EventType "team-tourn"]
[EventRounds "11"]
[EventCountry "SVK"]
[SourceTitle "EXT 2013"]
[Source "ChessBase"]
[SourceDate "2012.11.22"]
[SourceVersion "1"]
[SourceVersionDate "2012.11.22"]
[SourceQuality "1"]
[WhiteTeam "Prievidza SK III"]
[BlackTeam "Kamenny Most"]
[WhiteTeamCountry "SVK"]
[BlackTeamCountry "SLO"]

1. c4 Nf6 2. Nc3 d6 3. g3 g6 4. Bg2 Bg7 5. d3 0-0 6. e4 Nbd7 7. Nge2 e5 8. 0-0 c6 9. h3 h6 10. Be3 Ne8 11. Qd2 Kh7 12. b4 f5 13. Rab1 Ndf6 14. a4 Nc7 15. b5 c5 16. a5 Ne6 17. a6 Rb8 18. exf5 gxf5 19. axb7 Bxb7 20. Ra1 Bxg2 21. Kxg2 Qe7 22. Ra6 Nd4 23. Bxd4 cxd4 24. Na2 Nh5 25. Nb4 f4 26. f3 Rb7 27. Nd5 Qd8 28. g4 Nf6 29. Nxf6+ Rxf6 30. Rfa1 Rff7 31. Qe1 d5 32. Nc1 e4 33. Rb1 exf3+ 34. Kxf3 Rbe7 35. Re6 Rxe6 36. Qxe6 Re7 37. Qf5+ Kh8 38. Kg2 dxc4 39. dxc4 Re3 40. Rb3 f3+ 41. Kf1 Qe8 42. Rxe3 Qxe3 43. Qc2 f2 44. Qd1 d3 45. Nxd3 Qxh3+ 46. Kxf2 Bd4+ 47. Ke1 Qe3+ 48. Qe2 Bc3+ 49. Kd1 Qd4 50. Qe8+ Kg7 51. Qe7+ Kg8 52. Qe6+ Kg7 53. Qe7+ 1/2-1/2